000 00403nam a22001217a 4500
999 _c1330
_d1330
005 20200828152345.0
008 200828b ||||| |||| 00| 0 eng d
020 _a9982001584
040 _cCML
245 _aGrade 3 English Teacher's Guide Part A: The Resource Book.
_cZambia, B.
260 _aLusaka
_bZambia Educational Publishing House
_c1994
942 _2ddc
_cBK
_e1st Edition
_h428
_mZAM